| 000 | 01427cam a22003495i 4500 | ||
|---|---|---|---|
| 999 |
_c27874 _d27845 |
||
| 001 | 016010376 | ||
| 003 | EG-ScBUE | ||
| 005 | 20191203104251.0 | ||
| 008 | 120110r20112005enkb f b 001 0 eng d | ||
| 020 | _a9780415513937 (pbk.) | ||
| 040 |
_aStDuBDS _beng _erda _cStDuBDS _dUk _dEG-ScBUE |
||
| 043 | _af-sj--- | ||
| 082 | 0 | 4 |
_a962.404 _bSID _222 |
| 100 | 1 |
_aSidahmed, Abdel Salam, _eauthor. |
|
| 245 | 1 | 0 |
_aSudan / _cAbdel Sidahmed and Alsir Sidahmed. |
| 264 | 1 |
_aAbingdon, Oxon ; _aNew York : _bRoutledge / Taylor & Francis Group, _c2011. |
|
| 300 |
_axxvii, 180 pages : _bmap ; _c24 cm. |
||
| 336 |
_atext _btxt _2rdacontent |
||
| 337 |
_aunmediated _bn _2rdamedia |
||
| 338 |
_avolume _bnc _2rdacarrier |
||
| 490 | 0 | _aContemporary Middle East | |
| 500 | _aOriginally published : 2005. | ||
| 504 | _aIncludes bibliographical references and index. | ||
| 520 | _aThis book provides a comprehensive introduction to contemporary Sudan, outlining the evolution of the state with emphasis on its post-independence experience. It includes chapters on the politics, history and economy of the country. | ||
| 651 | 7 |
_aSudan _xPolitics and government _y1985- _2BUEsh _941487 |
|
| 651 | 7 |
_aSudan _xEconomic conditions _y1983- _2BUEsh |
|
| 651 | 7 |
_aSudan _xHistory _yCivil War, 1983-2005. _2BUEsh _941485 |
|
| 653 |
_bMASPPSS _bBUSBOL _cNovember2019 |
||
| 655 | _vReading book | ||
| 700 | 1 |
_aSidahmed, Alsir, _eauthor. |
|
| 942 |
_2ddc _cBB |
||